000 00959nam a2200277 a 4500
005 20160105060931.0
008 140224b1990 -Usa fr|||| 00| 0 eng d
040 _aCO-BoIAVH
_cCO-BoIAVH
041 _aspa
_heng
044 _axxu
082 4 _aFG-0020
090 _aLB
_b01040
110 1 _bSmithsonian Migratory Bird Center
245 1 _aSouthern Mexico
_bcrossroads of migratory birds
246 _aEl sur de México
_bcruce de caminos para los pájaros migratorios
260 _aWashington
_bSmithsonian Migratory Bird Center
_c1990
300 _a32 paginas.
_bIlustraciones
_c21 x 21 cm
650 4 _aAves migratorias
_zsur de México
650 4 _aBiodiversidad
_zSur de México
650 4 _aMigración
_zSur de Mexico
650 _aHábitat
_zSur de México
650 _aHistoria natural
_zSur México
662 _aMéxico
700 1 _aCastro, Adriana de
_eTraducción
942 _cFolleto
_2z
999 _c1051
_d1051